Top 12 Phoenix Suns of All-Time - Statistics

General Stats
  • This quiz has been taken 216 times
    63 since last reset
  • The average score is 7 of 12
Answer Stats
# Player Win Shares % Correct
8 Devin Booker 55.5
95%
3 Steve Nash 82.7
95%
5 Amar'e Stoudemire 67.9
94%
12 Charles Barkley 44.4
87%
1 Shawn Marion 93.2
77%
2 Kevin Johnson 90.9
66%
10 Dan Majerle 52.0
44%
11 Paul Westphal 51.5
35%
6 Walter Davis 66.4
35%
4 Alvan Adams 73.5
34%
9 Larry Nance 53.6
21%
7 Dick Van Arsdale 63.6
15%
No matching quizzes found
Score Distribution
Percent of People with Each Score
Percentile by Number Answered
Your Score History
You have not taken this quiz since the last reset